000 00638nam a22001817a 4500
005 20251108165451.0
008 250721s1983 xx 000 0 ara d
082 1 4 _aم/025.3/قوا
100 1 _aتيم، محمود أحمد
_eمترجم
245 1 0 _aقواعد الفهرسة الانجلو امريكية /
264 1 _aعمان :
_bجمعية المكتبات الاردنية،
_c1983.
300 _a946ص.
490 0 _aمنشورات جمعية المكتبات الاردنية ؛ 8
650 1 7 _aالفهرسة
710 2 _aجمعية المكتبات الاردنية
_eاعداد
942 _2ddc
_cREF
999 _c28608
_d28608